000
00340nam a2200133Ia 4500
008
230724s2007 xx und d
020
_a
3895088943
041
_a
eng
082
_a
726.77
100
_a
FRANCOIS J.& DHUYS L.
245
_a
CISTERCIAN ABBEYS HISTORY AND ARCHITECTURE
260
_b
KOTHARI BOOK DEPOT
_c
2007
300
_a
399
999
_c
1173987
_d
1173987